000 00921nam0a22002651 4500
001 rc\2805025
005 20250806210610.0
035 _a(NLR Aleph) 006930976
090 _a16617
_c16617
100 _a20110915d1945 u y0rusy50 ca
101 0 _arus
102 _aRU
105 _aa z |||||
200 1 _aПоэт
_e[Этюды о Сулеймане Стальском]
_fЭффенди Капиев
_g[Ил. Н. Лаков]
210 _aМосква
_cГослитиздат
_d1945
_g6-я тип. треста "Полиграфкнига"
215 _a264 с.
_cил.
_d16 см.
700 1 _aКапиев
_bЭ.М.
_f1909-1944
_gЭффенди Мансурович
702 1 _aЛаков
_bН.
_4440
801 0 _aRU
_bNLR
_gpsbo
801 1 _aRU
_bELAR
_2rusmarc
852 _aNLR
_j130 Г-1/402
942 _cBOOK
945 _aРоссийская национальная библиотека
980 _aNB
980 _aBV